书目信息 |
| 题名: |
老广州
|
|
| 作者: | 韩淑芳 著 | |
| 分册: | ||
| 出版信息: | 北京 中国文史出版社 2018 |
|
| 页数: | 321页 | |
| 开本: | 24cm | |
| 丛书名: | ||
| 单 册: | ||
| 中图分类: | K296.51 | |
| 科图分类: | ||
| 主题词: | 地方史--广东--广州--史料 | |
| 电子资源: | ||
| ISBN: | 978-7-5034-9709-4 | |
| 000 | 00981nam0 2200241 450 | |
| 001 | 1838 | |
| 005 | 20180522151211.91 | |
| 010 | @a978-7-5034-9709-4@dCNY49.80 | |
| 100 | @a20180217d2018 em y0chiy50 ea | |
| 101 | 0 | @achi |
| 102 | @aCN@b110000 | |
| 105 | @aa z 000yy | |
| 200 | 1 | @a老广州@9lao guang zhou@f本社编@Fben she bian |
| 210 | @a北京@c中国文史出版社@d2018 | |
| 215 | @a321页@c图@d24cm | |
| 300 | @a老城记 国民趣读 | |
| 314 | @a主编:韩淑芳 | |
| 330 | @a本书是一本全面讲述老广州名胜古迹、市井百态、百姓生活的图书。全书从亲历亲睹的角度,分别描绘了老广州当年的名胜古迹、街市景观、老店铺、门楼街道、老风俗、馋嘴美食、广州人家、文化百态……片段小文生动有趣地展示了老广州曾经辉煌的市井文化,鲜活地再现了老广州城及老广州人的生活。唯有了解老城厚重的文化底蕴和历史渊源,才能真正领会这座城市的精髓。 | |
| 606 | 0 | @a地方史@y广东@y广州@j史料 |
| 690 | @aK296.51@v5 | |
| 701 | 0 | @a韩淑芳@9han shu fang@4著 |
| 801 | 0 | @aCN@b91MARC@c20180217 |
| 905 | @aMuseLib@dK296.51@e356 | |
| 老广州/本社编.-北京:中国文史出版社,2018 |
| 321页:图;24cm |
| 老城记 国民趣读 |
| ISBN 978-7-5034-9709-4:CNY49.80 |
| 本书是一本全面讲述老广州名胜古迹、市井百态、百姓生活的图书。全书从亲历亲睹的角度,分别描绘了老广州当年的名胜古迹、街市景观、老店铺、门楼街道、老风俗、馋嘴美食、广州人家、文化百态……片段小文生动有趣地展示了老广州曾经辉煌的市井文化,鲜活地再现了老广州城及老广州人的生活。唯有了解老城厚重的文化底蕴和历史渊源,才能真正领会这座城市的精髓。 |
| ● |
| 相关链接 |
|
|
|
|
正题名:老广州
索取号:K296.51/356
 
预约/预借
| 序号 | 登录号 | 条形码 | 馆藏地/架位号 | 状态 | 备注 |
| 1 | 1106873 | 211068734 | 第二样本阅览室/ [索取号:K296.51/356] | 在馆 | |
| 2 | 1106874 | 211068743 | 教育系资料室/ [索取号:K296.51/356] | 在馆 | |
| 3 | 1106875 | 211068752 | 教育系资料室/ [索取号:K296.51/356] | 在馆 | |
| 4 | 1106876 | 211068761 | 第二借阅区/ [索取号:K296.51/356] | 在馆 |